Statistics for Top 15 Countries with Covid-19 Cases - 6 April 2022

Click here to take the quiz!

General Stats

  • This quiz has been taken 18 times
  • The average score is 15 of 29

Answer Stats

country% Correct
United States
100%
India
94%
Brazil
88%
Spain
88%
United Kingdom
88%
France
81%
Germany
81%
Italy
81%
Russia
81%
Turkey
63%
Argentina
50%
Austria
50%
Belgium
50%
Iran
50%
Portugal
50%
Netherlands
44%
Netherlands
44%
Switzerland
44%
Denmark
38%
Israel
38%
South Korea
38%
Slovenia
31%
Czechia
25%
Vietnam
25%
Estonia
19%
Georgia
13%
Latvia
13%
Lithuania
13%
Cyprus
6%

Score Distribution

Percentile by Number Answered

Percent of People with Each Score

Your Score History

You have not taken this quiz